[Event "Hofheim Spring op-B 3rd"]
[Site "Hofheim"]
[Date "2015.04.10"]
[Round "7"]
[White "Hinz, Andre"]
[Black "Ovsepyan, Mikhail"]
[Result "0-1"]
[WhiteElo "1690"]
[BlackElo "1742"]
[PlyCount "46"]
[EventDate "2015.04.07"]
[EventType "swiss"]
[EventRounds "9"]
[EventCountry "GER"]
[SourceTitle "CBM 166 Extra"]
[Source "ChessBase"]
[SourceDate "2015.06.18"]
[SourceVersion "1"]
[SourceVersionDate "2015.06.18"]
[SourceQuality "1"]

1. c4 e5 2. g3 Nf6 3. Bg2 c6 4. d4 e4 5. Nc3 Bb4 6. a3 Bxc3+ 7. bxc3 d5 8. cxd5 cxd5 9. c4 Be6 10. cxd5 Bxd5 11. Nh3 e3 12. 0-0 Bxg2 13. Kxg2 exf2 14. Nxf2 0-0 15. e4 Re8 16. Bg5 h6 17. Bxf6 Qxf6 18. Qa4 Nc6 19. Rad1 b5 20. Qxb5 Nxd4 21. Ng4 Nxb5 22. Rxf6 gxf6 23. Nxf6+ Kf8 0-1

[Event "Hofheim Spring op-B 3rd"]
[Site "Hofheim"]
[Date "2015.04.09"]
[Round "5"]
[White "Ruehl, Alexander"]
[Black "Ovsepyan, Mikhail"]
[Result "0-1"]
[WhiteElo "1305"]
[BlackElo "1742"]
[PlyCount "84"]
[EventDate "2015.04.07"]
[EventType "swiss"]
[EventRounds "9"]
[EventCountry "GER"]
[SourceTitle "CBM 166 Extra"]
[Source "ChessBase"]
[SourceDate "2015.06.18"]
[SourceVersion "1"]
[SourceVersionDate "2015.06.18"]
[SourceQuality "1"]

1. e4 c5 2. Nf3 Nc6 3. d4 cxd4 4. Nxd4 Nf6 5. Nc3 e5 6. Ndb5 d6 7. Na3 a6 8. Nc4 b5 9. Ne3 b4 10. Ncd5 Nxe4 11. Bc4 Be7 12. 0-0 0-0 13. Nxe7+ Nxe7 14. Nd5 Be6 15. Re1 Nc5 16. Be3 Rc8 17. Bxc5 Rxc5 18. Nxe7+ Qxe7 19. Bxa6 Qc7 20. Bd3 d5 21. Rc1 e4 22. Be2 Ra8 23. Qd2 Qb6 24. Ra1 Rca5 25. c3 bxc3 26. bxc3 Qa7 27. Reb1 h6 28. Rb2 Qc5 29. Qd4 Rc8 30. Rb3 Qxd4 31. cxd4 Ra4 32. Kf1 Rxd4 33. Rb2 Ra4 34. Ke1 d4 35. a3 Rca8 36. h3 d3 37. Bd1 Rxa3 38. Rxa3 Rxa3 39. f3 e3 40. h4 d2+ 41. Kf1 Bc4+ 42. Kg1 Ra1 0-1

[Event "Hofheim Spring op-B 3rd"]
[Site "Hofheim"]
[Date "2015.04.08"]
[Round "3"]
[White "Engel, Jan"]
[Black "Ovsepyan, Mikhail"]
[Result "1-0"]
[WhiteElo "1670"]
[BlackElo "1742"]
[PlyCount "57"]
[EventDate "2015.04.07"]
[EventType "swiss"]
[EventRounds "9"]
[EventCountry "GER"]
[SourceTitle "CBM 166 Extra"]
[Source "ChessBase"]
[SourceDate "2015.06.18"]
[SourceVersion "1"]
[SourceVersionDate "2015.06.18"]
[SourceQuality "1"]

1. d4 g6 2. c4 Nf6 3. Nc3 Bg7 4. e4 d6 5. f4 Bg4 6. Be2 Bxe2 7. Ngxe2 0-0 8. 0-0 e5 9. fxe5 dxe5 10. d5 h6 11. Qd3 Qe7 12. Qf3 Qc5+ 13. Be3 Qxc4 14. g4 Nh7 15. h4 f6 16. Ng3 Nd7 17. Rac1 Qa6 18. Qg2 Kh8 19. Qd2 g5 20. Nf5 Rf7 21. a4 Qc4 22. Qe2 Qxe2 23. Nxe2 Rc8 24. Nd6 Rff8 25. Nxc8 Rxc8 26. h5 Nhf8 27. Ng3 Kg8 28. Nf5 Kf7 29. Nd6+ 1-0

[Event "Heusenstamm Schloss op 1st"]
[Site "Heusenstamm"]
[Date "2014.11.22"]
[Round "5"]
[White "Alber, Horst"]
[Black "Ovsepyan, Mikhail"]
[Result "1-0"]
[WhiteElo "2305"]
[BlackElo "1692"]
[PlyCount "29"]
[EventDate "2014.11.20"]
[EventType "swiss"]
[EventRounds "7"]
[EventCountry "GER"]
[SourceTitle "CBM 163 Extra"]
[Source "ChessBase"]
[SourceDate "2014.12.23"]
[SourceVersion "1"]
[SourceVersionDate "2014.12.23"]
[SourceQuality "1"]

1. d4 e6 2. c4 d5 3. Nc3 dxc4 4. Nf3 Nd7 5. e4 Nb6 6. Bxc4 Nxc4 7. Qa4+ Qd7 8. Qxc4 Bd6 9. Bg5 f6 10. Be3 b6 11. 0-0-0 Bb7 12. e5 Be7 13. d5 Kf7 14. exf6 Kxf6 15. Qf4+ 1-0